000 01379nam a2200337 a 4500
001
003 DO-SdBNP
005 20210719112117.0
008 140320s2007 dr r 001 0 spa d
020 _a9945412051
040 _aBPMSU
_bspa
_cBPMSU
082 _a341.377293
_bR426t 2007
_222
110 2 _aRepública Dominicana
240 1 0 _a[Tratados, etc.]
245 1 0 _aTratados y acuerdos internacionales de la República Dominicana /
_ceditora Aida Montero; prólogo Rosa Campillo Celado.
260 _aSanto Domingo :
_bFUNGLODE,
_c2007.
300 _av. ;
_c26 cm.
500 _aLa biblioteca posee los volúmenes 4,11, 12
505 0 _gv.4.
_tTratados culturales --
_gv.9.
_tTratados laborales --
_gv.11.
_tTratados sobre propiedad intelectual
_gv.12.
_tTratados sanitarios y sustancias sicotrópicas
_gv.13.
_tSeguridad colectiva
590 _aInventariado, 2021/VM
650 4 _aTratados comerciales
_zRepública Dominicana
650 4 _aNegociaciones comerciales
651 4 _aRepública Dominicana
_xRelaciones exteriores
_vTratados
651 4 _aRepública Dominicana
_xTratados internacionales
651 4 _aRepública Dominicana
_xPolítica y gobierno
_vTratados
700 1 _aMontero, Aida,
_eed.
700 1 _aCampillo Celado, Rosa,
_epról.
710 _aFundación Global Democracía y Desarrollo (República Dominicana)
910 _aVMateo V.
942 _2ddc
_cBK
999 _c13577
_d13577